Normal view
MARC view
- الملكية الفكرية -- المواقع الالكترونية
Entry Topical Term
001 - CONTROL NUMBER
- control field: 50736
003 - CONTROL NUMBER IDENTIFIER
- control field: JO-AjAnu
005 - DATE AND TIME OF LATEST TRANSACTION
- control field: 20230606082342.0
008 - FIXED-LENGTH DATA ELEMENTS
- fixed length control field: 230606|| aca||aabn | a|a d
040 ## - CATALOGING SOURCE
- Original cataloging agency: JO-AjAnu
- Transcribing agency: JO-AjAnu
150 ## - HEADING--TOPICAL TERM
- Topical term or geographic name entry element: الملكية الفكرية -- المواقع الالكترونية
670 ## - SOURCE DATA FOUND
- Source citation: Work cat.: (JO-AjAnu)25935: حوى، فاتن حسن , author 50735, المواقع الإلكترونية وحقوق الملكية الفكرية